Statistics for count to 10 in Danish

Click here to take the quiz!

General Stats

  • This quiz has been taken 1,371 times
  • The average score is 9 of 10

Answer Stats

HintAnswer% Correct
1en
99%
3tre
98%
5fem
96%
2to
96%
9ni
94%
10ti
94%
4fire
93%
6seks
92%
8otte
88%
7syv
87%

Score Distribution

Percentile by Number Answered

Percent of People with Each Score

Your Score History

You have not taken this quiz